Chile: geografía industrial y tecnológica

Gardado en:
Detalles Bibliográficos
Autor Corporativo: CORFO (Author)
Formato: Libro
Idioma:Lingua castelá
inglés
Publicado: Santiago CORFO 2009
Subjects:
Tags: Engadir etiqueta
Sen Etiquetas, Sexa o primeiro en etiquetar este rexistro!

MARC

LEADER 00000cam a2200000 a 4500
001 UCF6995
003 CL-VaPUC
008 130530e20090000CL |||||||||||||||||spa|d
020 |a 9789568898007 
041 0 7 |a spa  |2 CL-VaPUC 
041 0 7 |a eng  |2 CL-VaPUC 
082 0 4 |a 918  |b COR  |2 21 
110 2 |a CORFO  |e author  |9 568970 
245 1 0 |a Chile: geografía industrial y tecnológica 
246 1 0 |a Chile: industrial and technological geography 
300 |a 311 p 
942 |c BK 
945 |d 20130530 00:00:00  |a dcastane 
260 |a Santiago  |b CORFO  |c 2009 
650 0 |a Geografía de Chile   |9 268295 
650 0 |a Industrias   |9 263688 
650 0 |a Tecnología  |9 256742 
583 |a last modification  |c 20171122 01:28:00  |k Rodrigo Vera 
999 |c 351964  |d 351962 
952 |0 0  |1 0  |4 0  |6 918_000000000000000_COR_2009  |7 0  |8 C  |9 456434  |a BIBCUR  |b BIBCUR  |d 2019-11-22  |i 4975995  |o 918 COR 2009  |p 4975995  |r 2025-04-22  |w 2019-11-22  |y BK  |k EXP